| 000 | 00310 a2200121 4500 | ||
|---|---|---|---|
| 040 |
_aDLC _bDLC |
||
| 100 | _aJamil Malik | ||
| 245 |
_aSadaf raizay _cJamil Malik _h[Urdu] |
||
| 260 |
_aRawalpindi : _bNaveed Publishers, _c1996. |
||
| 300 |
_a176 p. _c24 cm. |
||
| 650 | _aUrdu--Poetry | ||
| 942 |
_cBK _k891.4391 JAM _2ddc |
||
| 999 |
_c10299 _d10299 |
||